Ergonomie
Guardat en:
| Autor principal: | |
|---|---|
| Format: | Llibre |
| Idioma: | francès |
| Publicat: |
París
Dunod
1965
|
| Col·lecció: | Travail, 2
|
| Matèries: | |
| Etiquetes: |
Afegir etiqueta
Sense etiquetes, Sigues el primer a etiquetar aquest registre!
|
MARC
| LEADER | 00000nam a2200000 a 4500 | ||
|---|---|---|---|
| 001 | UCQ1142 | ||
| 003 | CL-VaPUC | ||
| 008 | 980709e19650000FR |||||||||||||||||fre|d | ||
| 082 | 0 | 4 | |a 620.82 |b MAI |2 21 |
| 100 | |a Maire, Ferdinand |e autor |9 414749 | ||
| 245 | 1 | 0 | |a Ergonomie |
| 300 | |a 30 p | ||
| 942 | |c BK | ||
| 945 | |d 19980709 00:00:00 |a cmena | ||
| 260 | |a París |b Dunod |c 1965 | ||
| 650 | 7 | |a ERGONOMIA |2 CL-VaPUC |9 357101 | |
| 650 | 7 | |a ERGONOMETRIA |2 CL-VaPUC |9 358031 | |
| 650 | 7 | |a ESTUDIO DEL TRABAJO |2 CL-VaPUC |9 358032 | |
| 650 | 7 | |a INGENIERIA DE LOS FACTORES HUMANOS |2 CL-VaPUC |9 358033 | |
| 650 | 0 | |a Psicología industrial |9 271739 | |
| 650 | 7 | |a MEDIO AMBIENTE LABORAL |2 CL-VaPUC |9 380233 | |
| 583 | |a last modification |c 19980709 00:00:00 |k Rodrigo Vera | ||
| 490 | 0 | |a Travail, 2 | |
| 999 | |c 272146 |d 272144 | ||
| 952 | |0 0 |1 0 |4 0 |6 620_820000000000000_MAI_1965 |7 0 |8 A |9 307015 |a BIBGIM |b BIBGIM |d 2019-11-20 |i 1433598 |o 620.82 MAI 1965 |p 1433598 |r 2025-01-15 |w 2019-11-20 |y BK |k COM | ||